00527nam a2200193 a 4500001001300000003000900013005001700022008004100039020001000080082001300090100001500103245008100118260004100199300000900240500003500249505001000284650002400294700001500318nice12345678IN_TiNIC20260116011758.0050524s1888 luca grs 000 0 34g  ac10000a225bSCO aScott, T J aKitab Ut Tatbiqb Jis Men Charon Injilon Ke Mumasil Ayat Ko Yekja Karke Dikh aLucknowbGulzar-E-syedi Press c1888 a194p aincludes index and biblioraphy2 aIndex aBible-New Testament1 aScott, T J